Statistics for Indian Traditional Food - State wise

Click here to take the quiz!

General Stats

  • This quiz has been taken 56 times
  • The average score is 19 of 29

Answer Stats

HintAnswer% Correct
Daal Bhaati ChurmaRajasthan
87%
DhoklaGujarat
84%
Makki di Roti and Sarson da SaagPunjab
84%
Kosha MangshoWest Bengal
84%
AppamKerala
82%
PongalTamil Nadu
82%
PootharekuluAndhra Pradesh
80%
Litti ChokhaBihar
80%
Misal PavMaharashtra
80%
Papaya KharAssam
78%
Bisi Bele BathKarnataka
78%
Tunday kebabsUttar Pradesh
78%
Hyderabadi BiryaniTelangana
73%
Bhutte Ka KeesMadhya Pradesh
69%
Chhena PodaOdisha
69%
Fish CurryGoa
67%
bajara khichriHaryana
64%
Gogan JoshKashmir
58%
ThukpaArunachal Pradesh
56%
KangshoiManipur
56%
JadohMeghalaya
56%
Pork With Bamboo ShotsNagaland
56%
DhaamHimachal Pradesh
53%
MomosSikkim
53%
Misa Mach PooraMizoram
51%
KafuliUttarakhand
47%
RugraJharkhand
42%
ChakhwiTripura
42%
ChilaChhattisgarh
38%

Score Distribution

Percentile by Number Answered

Percent of People with Each Score

Your Score History

You have not taken this quiz